| 000 | 00446nam a2200157Ia 4500 | ||
|---|---|---|---|
| 003 | GCL | ||
| 008 | 140319s9999 xx 000 0 eng d | ||
| 040 |
_aGCL / _cGCL |
||
| 082 | 0 | 4 |
_a070.49 _bL P |
| 100 | 1 | _aLEWIS, GREG | |
| 245 | 1 | 0 |
_aPHOTOJORNALISM: A CONTENT AND TECHNIQUE / _cLEWIS, GREG |
| 260 |
_a[S.N] : _bBYOWN AND BENCHMARK PUPLISHERS ، _c1995 |
||
| 650 | 0 | 4 | _aPHOTOGRAPHY - JOURNALISM |
| 650 | 0 | 4 | _aCAMIRA JOURNALISM |
| 942 |
_2ddc _cBK |
||
| 999 |
_c10200 _d10200 |
||